00661pam a2200217 a 4500001000500000005001700005020001500022040002300037050002000060082001200080100002300092245003800115260003500153300005700188505001100245520009800256521002500354521002500379650002000404650001900424311920240207131723.0 a0590132075 aDLCcDLCdDLCbeng00aPZ7.W1675b198900a823.9141 aWalsh, Ellen Stoll10aMouse paint /cEllen Stoll Walsh. aNew York :bScholastic, c1989 a30 unnumbered pages :bcolor illustrations ;c19 cm. aG  aThree white mice discover jars of red, blue, and yellow paint and explore the world of color. a371 bLexile  aG bRaz-Plus  1aColorxFiction. 1aMicexFiction.